000 01247nam a2200265Ia 4500
999 _c47747
_d47747
001 14618
003 GE_BSU
005 20220705122540.0
008 181216sge 1975xx |||||||||||||| ||geo||
040 _cGE_BSU
041 _ageo
080 _a821.353.1-1+821.353.1-11 ვ-27
100 _aვახტანგ, მეექვსე
_914293
245 _aლექსები და პოემები :
_b[დაბადებიდან 300 წლისთავი] /
_cვახტანგ მეექვსე, რედ. ალ.ბარამიძე, მხატვ.ა.დუმბაძე.
260 _aთბილისი
260 _bმეცნიერება
264 _aთბილისი :
_bმეცნიერება,
_c1975.
300 _a194 გვ.:
_c26 სმ.
501 _aშენიშვნები, ლექსიკონი გვ.176. საძიებელიგვ.192
653 _aლექსები და პოემები
653 _aვახტანგ მეექვსე
700 _aბარამიძე, ალ
_eრედაქტორი
_94433
700 _aდუმბაძე, ა
_eმხატვარი
_98080
942 _cBK
_2udc